Statistics for Swallowdale

Click here to take the quiz!

General Stats

  • This quiz has been taken 19 times
  • The average score is 14 of 15

Answer Stats

QuestionAnswer% Correct
What does Captain Flint have on the deck of his houseboat?A cannon
100%
How does Nancy give John a message?By shooting it on an arrow
100%
How does Roger spot the Amazons making a surprise attack on Swallowdale?He sees their hats
100%
What do the Swallows name the big mountain that they later climb?Kanchenjunga
100%
Who does Titty name the cave in Swallowdale after?Peter Duck
100%
What is the name of the rock that wrecks Swallow?Pike Rock
100%
Who helps Roger when he twists his ankle?Young Billy
100%
Which coin does Roger find at the top of the mountain?A farthing
89%
What do John and Captain Flint make for Swallow?A new mast
89%
What bird call is Peggy good at?Duck
89%
What does John do when Swallow is sinking?He throws the anchor overboard
89%
What is the Great Aunt's name?Maria
89%
What do Roger and Titty use to show them they way back to Swallowdale?Pine-cones
89%
How did John and Peggy steer Amazon in the fog?They used a compass
89%
What is Mr Swainson's favorite hobby?Singing
78%

Score Distribution

Percentile by Number Answered

Percent of People with Each Score

Your Score History

You have not taken this quiz